<?xml version="1.0" encoding="UTF-8"?><?xml-stylesheet type="text/xsl" href="static/style.xsl"?><OAI-PMH xmlns="http://www.openarchives.org/OAI/2.0/" xmlns:xsi="http://www.w3.org/2001/XMLSchema-instance" xsi:schemaLocation="http://www.openarchives.org/OAI/2.0/ http://www.openarchives.org/OAI/2.0/OAI-PMH.xsd"><responseDate>2026-04-13T12:33:17Z</responseDate><request verb="GetRecord" identifier="oai:www.recercat.cat:2072/424180" metadataPrefix="marc">https://recercat.cat/oai/request</request><GetRecord><record><header><identifier>oai:recercat.cat:2072/424180</identifier><datestamp>2024-10-29T15:36:40Z</datestamp><setSpec>com_2072_98</setSpec><setSpec>col_2072_378197</setSpec></header><metadata><record xmlns="http://www.loc.gov/MARC21/slim" xmlns:dcterms="http://purl.org/dc/terms/" xmlns:xsi="http://www.w3.org/2001/XMLSchema-instance" xmlns:doc="http://www.lyncode.com/xoai" xsi:schemaLocation="http://www.loc.gov/MARC21/slim http://www.loc.gov/standards/marcxml/schema/MARC21slim.xsd">
   <leader>00925njm 22002777a 4500</leader>
   <datafield ind2=" " ind1=" " tag="042">
      <subfield code="a">dc</subfield>
   </datafield>
   <datafield ind2=" " ind1=" " tag="720">
      <subfield code="a">Chong, H. Gin</subfield>
      <subfield code="e">author</subfield>
   </datafield>
   <datafield ind2=" " ind1=" " tag="720">
      <subfield code="a">Laitinen, Erkki K.</subfield>
      <subfield code="e">author</subfield>
   </datafield>
   <datafield ind2=" " ind1=" " tag="720">
      <subfield code="a">Myllymäki, Emma-Riikka</subfield>
      <subfield code="e">author</subfield>
   </datafield>
   <datafield ind2=" " ind1=" " tag="720">
      <subfield code="a">Universitat Autònoma de Barcelona. Departament d'Empresa</subfield>
      <subfield code="e">author</subfield>
   </datafield>
   <datafield ind2=" " ind1=" " tag="260">
      <subfield code="c">2014</subfield>
   </datafield>
   <datafield ind2=" " ind1=" " tag="520">
      <subfield code="a">This study investigates whether incumbent audit firm-provided tax services enhance or impair the likelihood of acknowledging client companies' low financial reporting quality. In particular, we examine the association between tax-related fees and the likelihood of timely restatements, and internal control weakness disclosures among a sample of US companies that all have misstatements in financial information. The empirical findings indicate that companies paying higher tax-related fees are less likely to disclose SOX 404 internal control weakness disclosures, implying that underlying control problems are unacknowledged when incumbent audit firm provided tax-related fees are higher. However, the findings suggest that just providing both audit and tax-related services does not have an impact on audit quality per se, but rather it is the magnitude of the tax-related fees in particular that counts. We also find some evidence suggesting that companies paying higher tax-related fees have higher likelihood of restatement lags, whereas companies paying smaller tax-related fees to their audit firm restate financial statements in a timelier manner. Overall, the findings suggest that audit scrutiny of client companies with low quality financial reporting is weaker when the magnitude of tax-related fees is higher.</subfield>
   </datafield>
   <datafield tag="653" ind2=" " ind1=" ">
      <subfield code="a">Auditoria</subfield>
   </datafield>
   <datafield tag="653" ind2=" " ind1=" ">
      <subfield code="a">Impostos</subfield>
   </datafield>
   <datafield tag="653" ind2=" " ind1=" ">
      <subfield code="a">Informació financera</subfield>
   </datafield>
   <datafield ind2="0" ind1="0" tag="245">
      <subfield code="a">Incumbent audit firm-provided tax services and the clients with low financial reporting quality</subfield>
   </datafield>
</record></metadata></record></GetRecord></OAI-PMH>